| 000 | 00798cab a2200253 4500 | ||
|---|---|---|---|
| 001 | WB3314-83 | ||
| 008 | 090401t1997 xxu||||| |||| 00| 0 eng d | ||
| 035 | _a(Sirsi) u77708 | ||
| 041 | _aeng | ||
| 245 | _aLandfill tax clarification | ||
| 260 | _c1997 | ||
| 350 | _a0 | ||
| 490 |
_aENDS Report _v(266) March 1997, 16&17(1) |
||
| 520 | _aSome of the differences between Customs & Excise and the Building Employers Confederation (BEC) over the application of landfill tax to contaminated soils, have been resolved at a meeting in March. | ||
| 650 | _aBEC | ||
| 650 | _aBUILDING EMPLOYERS CONFDERATION | ||
| 650 | _aCONTAMINATED LAND | ||
| 650 | _aHM CUSTOMS AND EXCISE | ||
| 650 | _aEXEMPTION | ||
| 650 | _aLANDFILL TAX | ||
| 690 | _aTAXATION | ||
| 942 | _n0 | ||
| 948 | _c11/04/1997 | ||
| 999 |
_c48849 _d48849 |
||